A dőrék nyomában

Bibliographic Details
Main Author: (-kbé-) (Author)
Format: Article
Language:Hungarian
Slovak
PhysicalDescription:Fotografie
ISSN:2453-6555
Subjects:

MARC

LEADER 00000nab a2200000 4500
001 vtls012146904
003 SK-MaSNL
005 20260318140521.0
008 220823|2022 xo |||| || ||00 0|hun
015 |a SNBR2022/08 
040 |a DSZK  |b slo  |d DSZK  |e rda 
041 |a hun  |a slo 
043 |a e-xo--- 
044 |a xo  |c SK 
072 7 |a 398  |x Folklór  |2 konspekt 
080 |a 398.3  |2 2011 
100 1 |a (-kbé-)  |4 aut  |9 1111867 
245 1 0 |a A dőrék nyomában  |c [szerző] (-kbé-) 
300 |b Fotografie 
336 |a text  |b txt  |2 rdacontent 
337 |a bez média  |b n  |2 rdamedia 
338 |a zväzok  |b nc  |2 rdacarrier 
546 |a Dvojjazyčné vydanie 
650 0 7 |a fašiangové sprievody  |2 SNKPH  |9 1087879 
650 0 7 |a ľudové zvyky  |2 SNKPH  |9 66558 
651 7 |a Janíky (Slovensko)  |2 SNKPHgeo  |9 107203 
773 0 |t Jányoki hírnök = Janícky spravodaj  |g Évf. VIII, sz. 1 (2022), o. 8-9  |x 2453-6555 
958 |a SK 
958 |a HU 
958 |a RG 
999 |c 1834613  |d 1836543